000 01333nam a22003737a 4500
003 CHAP
005 20220329140924.0
008 971013s1994 r 00010 d
010 _a59858
011 _a60830
035 _a64993
040 _cCHAP
082 _a630.3
_bE5
245 _aEncyclopedia of agricultura science
260 _aSan Diego, Ca. :
_bAcademic Press,
_c1994
300 _a4 v.
590 _aBATCH-UPD
_b10
_c20130110
_lUCH01
_h0810
590 _aBATCH-UPD
_b10
_c20130410
_lUCH01
_h0447
590 _aBATCH-UPD
_b10
_c20130914
_lUCH01
_h0356
590 _aBATCH-UPD
_b10
_c20140805
_lUCH01
_h1146
590 _aCONVERSION
_b10
_c20130109
_lUCH01
_h1332
650 1 4 _aAgricultura
_xDiccionarios.
_91393
650 1 4 _aAgricultura
_xInvestigación.
_91577
650 1 4 _aGanadería
_xDiccionarios.
_944684
650 1 4 _aGanadería
_xInvestigación.
_944756
700 0 _aArntzen, Charles J.
_eed.
_97281
700 0 _aRitter, Ellen M.
_eed.
_997535
901 _aBK
942 _cLIBRO
949 _a630.3 E5
_bBC
_cC
_d33724000090494
_eC
_fv.3
_h90305
_i64993
_si
_t5188.00
949 _a630.3 E5
_bBC
_cC
_d33724000090619
_eC
_fv.1
_gI.181177
_h90303
_i64993
_si
_t5188.00
949 _a630.3 E5
_bBC
_cC
_d33724000090627
_eC
_fv.2
_h90304
_i64993
_si
_t5188.00
949 _a630.3 E5
_bBC
_cC
_d33724000572897
_eC
_fv.4
_h90306
_i64993
_si
_t5188.00
999 _c59858
_d59858